000 00315cam a22001097a 4500
008 180718b1974 xxu||||| |||| 00| 0 eng d
082 _aA75 M278DH
245 _aMaharashtra state gazetteers: Dhulia
_cedited by B.G. Kunte
260 _aBombay
_bGazetteers Department
_c1974
300 _a1041+p.
700 _aKunte, B.G.
999 _c487035
_d487035